Congreso Eucarístico Internacional / [por] OMPE
Kaydedildi:
| Kurumsal yazarlar: | , |
|---|---|
| Materyal Türü: | Konferans Sunumu Kitap |
| Konular: | |
| Etiketler: |
Etiket eklenmemiş, İlk siz ekleyin!
|
MARC
| LEADER | 00000nam^a2200000^u^4500 | ||
|---|---|---|---|
| 001 | 000545095 | ||
| 005 | 20250521000000.0 | ||
| 008 | 060220s1000^^^^^^^^^^^^r^^^^^000^0^spa^d | ||
| 009 | 20260310131341.491 | ||
| 035 | |a FMI 000014460 | ||
| 037 | |a Acervo Xavier Clavigero | ||
| 096 | |a 5.5/2/B | ||
| 110 | |a Obras Misionales Pontificio-Episcopales (OMPE) | ||
| 245 | 1 | 0 | |a Congreso Eucarístico Internacional / [por] OMPE |
| 264 | |a México : Obras Misionales Pontificio-Episcopales. Dirección Nacional, 1988 | ||
| 300 | |a 189 p. | ||
| 336 | |a texto |b txt |2 rdacontenido | ||
| 337 | |a sin mediación |b n |2 rdamedio | ||
| 338 | |a volumen |b nc |2 rdasoporte | ||
| 649 | |a XX | ||
| 650 | |a SACRAMENTOS | ||
| 711 | |a Congreso Eucarístico Internacional. Cristo Nuestra Paz. México en Comunión y Participación con Seúl (44 : 1989 : Seúl) | ||
| 910 | |a Fondo Francisco Migoya Covarrubias S.J. | ||
| 920 | |a Impresos - Libros | ||
| 930 | |a Fondos Especiales | ||
| 905 | |a 134 | ||
| 901 | |a SBC17001 |b IT2 |c ESP |u 20250521 | ||
| 902 | |a https://opac.biblio.iteso.mx/vufind/Record/000545095 | ||